| 000 | 00817nam a2200217 a 4500 | ||
|---|---|---|---|
| 001 | 000036012 | ||
| 005 | 20200930074811.0 | ||
| 008 | 111123s2011 dr 000 0 spa d | ||
| 020 | _a9789945004700 | ||
| 040 |
_aDO-SdBNP _bspa _cBNPHU |
||
| 082 |
_axxx _bS715m, 2011 |
||
| 100 | 1 |
_aSosa Sosa, Diego A., _d1966- _93236 |
|
| 245 | 1 | 0 |
_aMi binomio : _b¿Forastero Yo? una historia de cambios ; Click ¿Quién tiene el control de tu vida? / _cDiego A. Sosa Sosa. |
| 250 | _a2a ed. | ||
| 260 |
_aSanto Domingo : _bBúho, _c2011. |
||
| 300 |
_a248 p. ; _c23 cm. |
||
| 501 | _aPublicado con: ¿Forastero y yo? Una historia de cambios | ||
| 501 | _aPublicado con: Click ¿Quién tiene el control de tu vida? | ||
| 740 | 1 | 2 | _a¿Forastero y yo? Una historia de cambios |
| 740 | 0 | 2 | _aClick ¿Quién tiene el control de tu vida? |
| 999 |
_c35503 _d35503 |
||